00938nam a2200205 i 450000100060000000300090000600500170001500700030003200800410003510000480007624501550012426000610027930000530034049000600039353000350045360000510048883000450053985200250058485601230060939668ES-MaACL20250916212401.0t|030303m18831890sp ||||1| spa d1 aCánovas del Castillo, Antonio,d1828-189714a"El Solitario" y su tiempo : bbiografía de D. Serafín Estébanez Calderón y crítica de sus obras / cpor Don Antonio Cánovas del Castillo. aMadrid : b[s.n.], c1883 (fImp. de A. Pérez Dubrull) a2 v. ([1] h. de lám., 341 ; 410 p.) ; c17 cm.1 aColección de escritos castellanos. Críticos ; v8-9 aDisponible en formato digital.14aEstébanez Calderón, Serafín, d1799-18671 aColección de escritos castellanosv8-9 aES-MaACLjF-12453-54 uhttp://www.bibliotecavirtualdeandalucia.es/catalogo/es/consulta/registro.do?id=8296zBiblioteca Virtual de Andalucía